[Event "Almansa 2013 - Torneo A"]
[Site "Almansa ESP"]
[Date "2013.08.06"]
[Round "1.1"]
[White "Navarro Diaz, Carles"]
[Black "Martinez Rodriguez, Pablo"]
[Result "1-0"]
[WhiteElo "2092"]
[BlackElo "2300"]
[PlyCount "69"]
[EventDate "2013.08.06"]
[EventType "swiss"]
[EventRounds "9"]
[EventCountry "ESP"]
[Source "lmi"]
[SourceDate "2013.08.06"]

1. d4 d5 2. Nf3 Nf6 3. Bf4 c5 4. e3 cxd4 5. exd4 Nc6 6. c3 g6 7. Bd3 Bg7 8.
Nbd2 O-O 9. h3 a6 10. O-O Bf5 11. Qc2 e6 12. g4 Bxd3 13. Qxd3 h5 14. Ne5 hxg4
15. hxg4 Nxe5 16. dxe5 Nxg4 17. Qg3 f5 18. Nf3 Re8 19. Kg2 Rc8 20. Rad1 Rc4 21.
Rd4 b5 22. Qh3 Qc7 23. Rh1 Kf8 24. Rxc4 dxc4 25. Qh7 Qb7 26. Kg3 Rd8 27. Nd4
Qf7 28. f3 Nxe5 29. Bh6 Bxh6 30. Qh8+ Ke7 31. Qxe5 Bg7 32. Nc6+ Ke8 33. Rh8+
Bxh8 34. Qxh8+ Kd7 35. Ne5+ 1-0

[Event "Almansa 2013 - Torneo A"]
[Site "Almansa ESP"]
[Date "2013.08.06"]
[Round "1.2"]
[White "Naranjo Moreno, Antonio"]
[Black "Pablo Alejandro"]
[Result "1-0"]
[WhiteElo "2293"]
[BlackElo "2090"]
[PlyCount "55"]
[EventDate "2013.08.06"]
[EventType "swiss"]
[EventRounds "9"]
[EventCountry "ESP"]
[Source "lmi"]
[SourceDate "2013.08.06"]

1. e4 e5 2. Nf3 Nc6 3. Bb5 a6 4. Ba4 Nf6 5. O-O Be7 6. Re1 d6 7. c3 O-O 8. h3
Nd7 9. d4 Bf6 10. Be3 Re8 11. Nbd2 b5 12. Bc2 exd4 13. cxd4 Nb4 14. Bb1 c5 15.
Bf4 Be7 16. Nf1 Bf8 17. Ne3 Nb6 18. dxc5 Qf6 19. cxb6 Qxf4 20. a3 Nc6 21. Nd5
Qh6 22. Nc7 Bxh3 23. gxh3 Qxh3 24. Nh2 Re5 25. Qf3 Rg5+ 26. Kh1 Qh6 27. Qe3 Ne5
28. Rg1 1-0

[Event "Almansa 2013 - Torneo A"]
[Site "Almansa ESP"]
[Date "2013.08.06"]
[Round "1.3"]
[White "Buendia Pinar, Alvaro"]
[Black "Carrascoso Morales, Abel"]
[Result "0-1"]
[WhiteElo "2088"]
[BlackElo "2288"]
[PlyCount "80"]
[EventDate "2013.08.06"]
[EventType "swiss"]
[EventRounds "9"]
[EventCountry "ESP"]
[Source "lmi"]
[SourceDate "2013.08.06"]

1. d4 Nf6 2. c4 g6 3. Nc3 Bg7 4. e4 O-O 5. g3 d6 6. Bg2 c5 7. d5 Nbd7 8. Nge2
Ne5 9. b3 Bg4 10. O-O Nf3+ 11. Kh1 Nxe4 12. Nxe4 Bxa1 13. Bh6 Bg7 14. Bxg7 Kxg7
15. h3 f5 16. N4c3 Bh5 17. Nf4 Nd4 18. Qa1 Rf6 19. Nb5 Qb6 20. Nxd4 cxd4 21. f3
Raf8 22. Re1 R8f7 23. Ne6+ Kg8 24. g4 fxg4 25. hxg4 Bxg4 26. fxg4 d3 27. c5
dxc5 28. Qe5 Qd6 29. Qxd6 exd6 30. Rd1 Rf2 31. Rxd3 Rxa2 32. Ng5 Rff2 33. Rg3
Rae2 34. Kg1 Rf4 35. Nh3 Rb4 36. Nf2 c4 37. Bf1 Re1 38. Rg2 Rxb3 39. Nh1 Rxf1+
40. Kxf1 Rb1+ 0-1

[Event "Almansa 2013 - Torneo A"]
[Site "Almansa ESP"]
[Date "2013.08.06"]
[Round "1.4"]
[White "Villasenor Rubio, Emilio Jose"]
[Black "Diaz Rodriguez, Jose Antonio"]
[Result "1-0"]
[WhiteElo "2260"]
[BlackElo "2086"]
[PlyCount "70"]
[EventDate "2013.08.06"]
[EventType "swiss"]
[EventRounds "9"]
[EventCountry "ESP"]
[Source "lmi"]
[SourceDate "2013.08.06"]

1. e4 e6 2. d4 d5 3. Nc3 Nf6 4. e5 Nfd7 5. f4 c5 6. Nf3 cxd4 7. Nxd4 Nc6 8. Be3
Bb4 9. a3 Ba5 10. Qd2 O-O 11. Bd3 Qh4+ 12. g3 Qe7 13. O-O f6 14. exf6 Nxf6 15.
Nxc6 bxc6 16. b4 Bb6 17. Na4 Rb8 18. Rae1 Nd7 19. Nxb6 axb6 20. Bd4 c5 21. Bb2
c4 22. Be2 Nf6 23. Bf3 Bb7 24. Re5 Qf7 25. Rfe1 Rfe8 26. Qd4 Bc6 27. Qe3 Bd7
28. Qd4 h6 29. R1e2 Bc6 30. Rg2 Kh8 31. g4 Nd7 32. g5 Nxe5 33. Qxe5 Rb7 34.
gxh6 Rg8 35. Qg5 Rf8 1-0

[Event "Almansa 2013 - Torneo A"]
[Site "Almansa ESP"]
[Date "2013.08.06"]
[Round "1.5"]
[White "Nicolas Zapata, Javier"]
[Black "Jimenez Martinez, Jose Vicente"]
[Result "0-1"]
[WhiteElo "2084"]
[BlackElo "2238"]
[PlyCount "62"]
[EventDate "2013.08.06"]
[EventType "swiss"]
[EventRounds "9"]
[EventCountry "ESP"]
[Source "lmi"]
[SourceDate "2013.08.06"]

1. e4 d6 2. d4 g6 3. Nc3 Bg7 4. Nf3 Nf6 5. Be2 O-O 6. O-O c6 7. a4 a5 8. h3
Nbd7 9. Be3 Qc7 10. e5 dxe5 11. d5 e4 12. Nd4 Nxd5 13. Nxd5 cxd5 14. Nb5 Qc6
15. c4 dxc4 16. Rc1 Ne5 17. b3 Be6 18. Nd4 Qd7 19. Nxe6 Qxe6 20. bxc4 Rfd8 21.
Qb3 Qc6 22. Rb1 Nd3 23. Qxb7 Qxc4 24. Qxe7 Qxa4 25. f3 Re8 26. Qb7 Bd4 27. Bxd4
Qxd4+ 28. Kh1 Nf2+ 29. Rxf2 Qxf2 30. Bc4 Ra7 31. Bxf7+ Kf8 0-1

[Event "Almansa 2013 - Torneo A"]
[Site "Almansa ESP"]
[Date "2013.08.06"]
[Round "1.6"]
[White "Sanchez Jerez, Emilio Miguel"]
[Black "Martin Ayala, David"]
[Result "1-0"]
[WhiteElo "2238"]
[BlackElo "2055"]
[PlyCount "47"]
[EventDate "2013.08.06"]
[EventType "swiss"]
[EventRounds "9"]
[EventCountry "ESP"]
[Source "lmi"]
[SourceDate "2013.08.06"]

1. e4 e5 2. Nf3 Nc6 3. Bc4 Be7 4. d4 exd4 5. Nxd4 Ne5 6. Be2 Nf6 7. f4 Nxe4 8.
fxe5 Bb4+ 9. c3 Qh4+ 10. g3 Nxg3 11. Nf3 Qh3 12. Rg1 Nxe2 13. Qxe2 Bf8 14. Nbd2
b6 15. Ne4 Bb7 16. Rg3 Qf5 17. Neg5 Qg6 18. Nd4 O-O-O 19. Nge6 dxe6 20. Rxg6
hxg6 21. Bg5 Rd5 22. O-O-O f6 23. exf6 gxf6 24. Qxe6+ 1-0

[Event "Almansa 2013 - Torneo A"]
[Site "Almansa ESP"]
[Date "2013.08.07"]
[Round "2.1"]
[White "Laliena Solanes, Luis"]
[Black "Naranjo Moreno, Antonio"]
[Result "0-1"]
[WhiteElo "2162"]
[BlackElo "2293"]
[PlyCount "65"]
[EventDate "2013.08.06"]
[EventType "swiss"]
[EventRounds "9"]
[EventCountry "ESP"]
[Source "lmi"]
[SourceDate "2013.08.06"]

1. d4 Nf6 2. Bg5 e6 3. e4 h6 4. Bxf6 Qxf6 5. Nf3 Qd8 6. Bd3 c5 7. d5 exd5 8.
exd5 d6 9. Nc3 Be7 10. Qe2 O-O 11. Qe4 f5 12. Qf4 Bf6 13. O-O a6 14. a4 b6 15.
Rfe1 g5 16. Qe3 Ra7 17. Nd2 Rg7 18. Nc4 Bd4 19. Qe2 Bxc3 20. bxc3 b5 21. axb5
axb5 22. Na3 c4 23. Nxb5 cxd3 24. cxd3 Qf6 25. Nd4 Na6 26. Nc6 Kh7 27. c4 Nc7
28. d4 Bd7 29. Qd3 Bxc6 30. dxc6 Ne6 31. d5 Nc5 32. Qe3 Rff7 33. Qe8 0-1

[Event "Almansa 2013 - Torneo A"]
[Site "Almansa ESP"]
[Date "2013.08.07"]
[Round "2.2"]
[White "Carrascoso Morales, Abel"]
[Black "Arias Igual, Alejandro"]
[Result "0-1"]
[WhiteElo "2288"]
[BlackElo "2155"]
[PlyCount "93"]
[EventDate "2013.08.06"]
[EventType "swiss"]
[EventRounds "9"]
[EventCountry "ESP"]
[Source "lmi"]
[SourceDate "2013.08.06"]

1. d4 d5 2. Nf3 e6 3. g3 c5 4. Bg2 Nc6 5. O-O Nf6 6. c4 Be7 7. dxc5 Bxc5 8.
cxd5 exd5 9. Bg5 O-O 10. Bxf6 Qxf6 11. Qxd5 Qxb2 12. Nbd2 Bb6 13. Nc4 Be6 14.
Qxe6 Qxa1 15. Qxf7+ Rxf7 16. Rxa1 Bc5 17. Rd1 Rd8 18. Rxd8+ Nxd8 19. e3 Rd7 20.
e4 Rd1+ 21. Bf1 Kf8 22. Kg2 Ke7 23. Ncd2 Nc6 24. Nb3 Bb6 25. Bc4 Rb1 26. Bg8
Rb2 27. Nbd2 Ne5 28. Nxe5 Rxd2 29. h4 Rxf2+ 30. Kh3 Bc7 31. Nc4 Rxa2 32. Bxh7
Re2 33. Kg4 b5 34. Kf3 Ra2 35. Ne3 Ra3 36. Ke2 Bxg3 37. h5 Be5 38. Bg8 a5 39.
Bd5 Kd6 40. Nf5+ Kc5 41. Ne3 Rxe3+ 42. Kxe3 a4 43. Kd3 b4 44. Bf7 b3 45. Kd2
Kb4 46. h6 gxh6 47. Bd5 0-1

[Event "Almansa 2013 - Torneo A"]
[Site "Almansa ESP"]
[Date "2013.08.07"]
[Round "2.3"]
[White "Romero Berruezo, Francisco"]
[Black "Villasenor Rubio, Emilio Jose"]
[Result "1/2-1/2"]
[WhiteElo "2154"]
[BlackElo "2260"]
[PlyCount "69"]
[EventDate "2013.08.06"]
[EventType "swiss"]
[EventRounds "9"]
[EventCountry "ESP"]
[Source "lmi"]
[SourceDate "2013.08.06"]

1. c4 Nf6 2. Nc3 g6 3. e4 d6 4. d4 Bg7 5. Be2 O-O 6. Nf3 e5 7. O-O Na6 8. Rb1
exd4 9. Nxd4 Nc5 10. f3 a5 11. Be3 Re8 12. Qd2 Nh5 13. Nb3 Nxb3 14. axb3 Nf6
15. Rfd1 Be6 16. Nb5 b6 17. b4 Bd7 18. bxa5 Bxb5 19. axb6 Bc6 20. bxc7 Qxc7 21.
Qxd6 Qb7 22. Bf1 Nxe4 23. fxe4 Bxe4 24. Ra1 Bc2 25. Rxa8 Qxa8 26. Re1 Bf5 27.
Bf2 Bxb2 28. Rxe8+ Qxe8 29. Bd4 Bxd4+ 30. Qxd4 Bd7 31. Kf2 Qe6 32. Bd3 Bc6 33.
h3 f6 34. c5 Kg7 35. Bf1 1/2-1/2

[Event "Almansa 2013 - Torneo A"]
[Site "Almansa ESP"]
[Date "2013.08.07"]
[Round "2.4"]
[White "Jimenez Martinez, Jose Vicente"]
[Black "Moreno Ibanez, Miguel"]
[Result "1/2-1/2"]
[WhiteElo "2238"]
[BlackElo "2149"]
[PlyCount "76"]
[EventDate "2013.08.06"]
[EventType "swiss"]
[EventRounds "9"]
[EventCountry "ESP"]
[Source "lmi"]
[SourceDate "2013.08.06"]

1. d4 d5 2. c4 e6 3. Nf3 c6 4. b3 Bb4+ 5. Bd2 a5 6. g3 Nf6 7. a3 Be7 8. Bg2 a4
9. O-O axb3 10. Qxb3 Nbd7 11. Bb4 dxc4 12. Qxc4 Nb6 13. Qb3 Qd5 14. Nbd2 Qxb3
15. Nxb3 Bxb4 16. axb4 Nfd5 17. Rxa8 Nxa8 18. Nc5 b6 19. Nd3 f6 20. Ra1 Nac7
21. Ra7 Ba6 22. e4 Bxd3 23. exd5 Kd7 24. dxc6+ Kd6 25. h4 Ba6 26. Nd2 f5 27.
Nf3 Ra8 28. Rxa8 Nxa8 29. Ne5 Bb5 30. Nf7+ Ke7 31. Ne5 Kd6 32. f4 Nc7 33. Nf7+
Ke7 34. Ne5 Kd6 35. Nf7+ Ke7 36. Ne5 Kd6 37. Nf7+ Ke7 38. Ne5 Kd6 1/2-1/2

[Event "Almansa 2013 - Torneo A"]
[Site "Almansa ESP"]
[Date "2013.08.07"]
[Round "2.5"]
[White "Lopez Mulet, Inigo"]
[Black "Sanchez Jerez, Emilio Miguel"]
[Result "0-1"]
[WhiteElo "2120"]
[BlackElo "2238"]
[PlyCount "90"]
[EventDate "2013.08.06"]
[EventType "swiss"]
[EventRounds "9"]
[EventCountry "ESP"]
[Source "lmi"]
[SourceDate "2013.08.06"]

1. d4 Nf6 2. c4 g6 3. f3 Bg7 4. e4 O-O 5. Nc3 Nc6 6. Be3 e5 7. d5 Nd4 8. Nge2
c5 9. dxc6 dxc6 10. Qd2 c5 11. O-O-O Be6 12. Nd5 b5 13. Nec3 bxc4 14. Bxc4 Ne8
15. h4 Nd6 16. Be2 Rb8 17. h5 Rb7 18. hxg6 fxg6 19. Bg5 Qa5 20. Bh6 Bxd5 21.
exd5 Bxh6 22. Rxh6 N6f5 23. Rh3 Rfb8 24. Bc4 Rxb2 25. d6+ Kg7 26. Rdh1 Rb1+ 27.
Nxb1 Rxb1+ 28. Kxb1 Qxd2 29. Rxh7+ Kf6 30. d7 Nc2 31. Rf7+ Kg5 32. d8=Q+ Qxd8
33. Rxf5+ gxf5 34. Kxc2 Qd4 35. Be2 Qf2 36. Kd2 Qxg2 37. Rh8 Qf2 38. Rd8 Kf4
39. Rd3 a5 40. a3 Qg1 41. Rc3 Qa1 42. a4 Qb2+ 43. Rc2 Qd4+ 44. Kc1 Ke3 45. Rb2
Qxb2+ 0-1

[Event "Almansa 2013 - Torneo A"]
[Site "Almansa ESP"]
[Date "2013.08.07"]
[Round "2.6"]
[White "Claros Egea, Christian"]
[Black "Castilla Leon Salas, Carlos"]
[Result "1/2-1/2"]
[WhiteElo "2229"]
[BlackElo "2132"]
[PlyCount "76"]
[EventDate "2013.08.06"]
[EventType "swiss"]
[EventRounds "9"]
[EventCountry "ESP"]
[Source "lmi"]
[SourceDate "2013.08.06"]

1. e4 c5 2. Nf3 d6 3. d4 cxd4 4. Nxd4 Nf6 5. Nc3 g6 6. Be3 Bg7 7. f3 O-O 8. Bc4
Nc6 9. Qd2 Bd7 10. O-O-O Qa5 11. Nd5 Qxd2+ 12. Kxd2 Nxd5 13. Nxc6 bxc6 14. exd5
c5 15. b3 Rab8 16. Rhe1 Rfe8 17. a4 Rb4 18. c3 Rbb8 19. Bf4 h6 20. h4 Bf6 21.
Rh1 Kg7 22. Rh2 Be5 23. Bxe5+ dxe5 24. g3 Bxa4 25. Ra1 Bxb3 26. Kd3 e6 27. Bxb3
Rxb3 28. Kc4 Rb6 29. dxe6 Rexe6 30. Rxa7 Rf6 31. Rf2 g5 32. hxg5 hxg5 33. Raa2
Rbd6 34. Rae2 Rfe6 35. Kxc5 Rc6+ 36. Kb4 Rb6+ 37. Kc4 Rec6+ 38. Kd3 Rb3 1/2-1/2

[Event "Almansa 2013 - Torneo A"]
[Site "Almansa ESP"]
[Date "2013.08.07"]
[Round "3.1"]
[White "Naranjo Moreno, Antonio"]
[Black "Remolar Gallen, Jose"]
[Result "1-0"]
[WhiteElo "2293"]
[BlackElo "2209"]
[PlyCount "99"]
[EventDate "2013.08.06"]
[EventType "swiss"]
[EventRounds "9"]
[EventCountry "ESP"]
[Source "lmi"]
[SourceDate "2013.08.06"]

1. e4 c5 2. Nf3 Nc6 3. d4 cxd4 4. Nxd4 g6 5. Nc3 Bg7 6. Be3 Nf6 7. Nxc6 bxc6 8.
e5 Ng8 9. Bd4 f6 10. f4 Qa5 11. Qe2 fxe5 12. Bxe5 Bxe5 13. Qxe5 Qxe5+ 14. fxe5
Nh6 15. O-O-O Rf8 16. Bd3 Rb8 17. a3 Ng4 18. Rde1 Bb7 19. Rhg1 c5 20. h3 Nh6
21. Bb5 Kd8 22. Rd1 Bc8 23. Bxd7 Bxd7 24. e6 Rb7 25. Rd5 Ke8 26. exd7+ Rxd7 27.
Rxc5 Rf2 28. Ne4 Re2 29. Ng5 Rdd2 30. g4 Nf7 31. Nxf7 Kxf7 32. Rf1+ Ke8 33. Rc3
Rh2 34. b3 Rde2 35. Rff3 Re5 36. Rfe3 Rxe3 37. Rxe3 Kd7 38. Kb2 Kd6 39. Kc3 e5
40. Kd3 h5 41. gxh5 gxh5 42. b4 h4 43. c4 Ra2 44. Ke4 Ke6 45. Rc3 Re2+ 46. Kf3
Re1 47. c5 Kd5 48. c6 Rf1+ 49. Ke2 Rf8 50. Ke3 1-0

[Event "Almansa 2013 - Torneo A"]
[Site "Almansa ESP"]
[Date "2013.08.07"]
[Round "3.2"]
[White "Sanchez Jerez, Emilio Miguel"]
[Black "Mingarro Carceller, Sergi"]
[Result "0-1"]
[WhiteElo "2238"]
[BlackElo "2195"]
[PlyCount "82"]
[EventDate "2013.08.06"]
[EventType "swiss"]
[EventRounds "9"]
[EventCountry "ESP"]
[Source "lmi"]
[SourceDate "2013.08.06"]

1. e4 e6 2. Nc3 d5 3. d4 Nf6 4. e5 Nfd7 5. f4 c5 6. Nf3 Nc6 7. Be3 Be7 8. Qd2
O-O 9. Be2 a6 10. O-O b5 11. Nd1 Qb6 12. c3 a5 13. Bf2 b4 14. f5 Ba6 15. f6
gxf6 16. dxc5 Qd8 17. Bxa6 Rxa6 18. exf6 Bxf6 19. Qe2 Ra8 20. Rc1 Rc8 21. Ne3
bxc3 22. bxc3 Nce5 23. Nxe5 Nxe5 24. Rcd1 Ng6 25. Ng4 Bxc3 26. Bd4 Bxd4+ 27.
Rxd4 Kg7 28. Qe3 f5 29. Nf2 e5 30. Ra4 d4 31. Qa3 Qd5 32. Rxa5 Nf4 33. Qf3 Rxc5
34. Rxc5 Qxc5 35. g3 Qd5 36. Qxd5 Nxd5 37. Nd3 e4 38. Nc5 Rf6 39. g4 Ne3 40.
Rf4 d3 41. Nb3 Nxg4 0-1

[Event "Almansa 2013 - Torneo A"]
[Site "Almansa ESP"]
[Date "2013.08.07"]
[Round "3.3"]
[White "Sos Andreu, Eric"]
[Black "Jordan Martinez, Miguel"]
[Result "1-0"]
[WhiteElo "2229"]
[BlackElo "2172"]
[PlyCount "125"]
[EventDate "2013.08.06"]
[EventType "swiss"]
[EventRounds "9"]
[EventCountry "ESP"]
[Source "lmi"]
[SourceDate "2013.08.06"]

1. d4 Nf6 2. c4 c5 3. d5 b5 4. cxb5 a6 5. bxa6 g6 6. Nc3 Bxa6 7. e4 Bxf1 8.
Kxf1 d6 9. g3 Nbd7 10. Nf3 Bg7 11. h3 O-O 12. Kg2 Qa5 13. Qc2 Rfb8 14. Bd2 Qa6
15. Rab1 Nb6 16. b3 Nfd7 17. a4 Rb7 18. Rhc1 Rab8 19. Nd1 c4 20. a5 cxb3 21.
Rxb3 Na8 22. Rxb7 Qxb7 23. Qc6 Nc5 24. Qxb7 Rxb7 25. Be3 Rb5 26. a6 Nb6 27. a7
Na8 28. Nd4 Bxd4 29. Bxd4 f6 30. Bxc5 dxc5 31. Ra1 Kf8 32. Nc3 Rb7 33. Ra3 Ke8
34. Kf3 Kd8 35. Ke3 Kc8 36. Kd3 Rb2 37. Ra2 Rxa2 38. Nxa2 Nb6 39. Nc3 Kb7 40.
Nb5 Ka6 41. a8=Q+ Nxa8 42. Kc4 Nb6+ 43. Kxc5 Nd7+ 44. Kb4 Kb6 45. Na3 Kc7 46.
Nc4 g5 47. f4 h5 48. fxg5 fxg5 49. Kc3 h4 50. gxh4 gxh4 51. Kd4 Nf6 52. e5 Ng4
53. d6+ Kd7 54. Nb6+ Ke6 55. dxe7 Kxe7 56. Nd5+ Kf7 57. Ke4 Nf2+ 58. Kf5 Nxh3
59. e6+ Ke8 60. Kf6 Kd8 61. e7+ Kd7 62. Nb6+ Ke8 63. Nc4 1-0

[Event "Almansa 2013 - Torneo A"]
[Site "Almansa ESP"]
[Date "2013.08.07"]
[Round "3.4"]
[White "Sanchez Barbado, Carlos"]
[Black "Gavilan Diaz, Mario"]
[Result "1/2-1/2"]
[WhiteElo "2166"]
[BlackElo "2225"]
[PlyCount "121"]
[EventDate "2013.08.06"]
[EventType "swiss"]
[EventRounds "9"]
[EventCountry "ESP"]
[Source "lmi"]
[SourceDate "2013.08.06"]

1. e4 c5 2. Nc3 a6 3. g3 b5 4. Bg2 Bb7 5. d3 e6 6. Nh3 Nf6 7. O-O d5 8. Bg5 d4
9. Ne2 Nbd7 10. c3 h6 11. Bd2 dxc3 12. Bxc3 b4 13. Bxf6 Nxf6 14. Qa4+ Qd7 15.
Qxd7+ Nxd7 16. d4 Be7 17. Rfd1 O-O 18. Nhf4 cxd4 19. Nxd4 Nc5 20. e5 Bxg2 21.
Kxg2 Rac8 22. Nd3 a5 23. Nxc5 Rxc5 24. Rac1 Rfc8 25. Rxc5 Rxc5 26. f4 f6 27.
Nb3 Rc7 28. Rc1 Rxc1 29. Nxc1 f5 30. b3 g5 31. Nd3 Kf7 32. Nb2 g4 33. Nc4 Bd8
34. Kf2 Ke7 35. Ke3 Kd7 36. Kd3 Kc6 37. Kd4 h5 38. Kd3 Kd5 39. Ne3+ Kc5 40. Nc4
Bc7 41. Ke3 a4 42. Kd3 a3 43. Ke3 Bb8 44. Kd3 Ba7 45. Ne3 Kb5 46. Ke2 Bd4 47.
Kd3 Kc5 48. Ke2 Bb2 49. Kd3 Bc1 50. Nd1 h4 51. Ne3 h3 52. Nd1 Bb2 53. Nxb2 axb2
54. Kc2 Kd4 55. Kxb2 Ke3 56. Kc1 Kd3 57. Kd1 Kc3 58. Kc1 Kd3 59. Kd1 Kc3 60.
Kc1 Kd3 61. Kd1 1/2-1/2

[Event "Almansa 2013 - Torneo A"]
[Site "Almansa ESP"]
[Date "2013.08.07"]
[Round "3.5"]
[White "Arias Igual, Alejandro"]
[Black "Jimenez Martinez, Jose Vicente"]
[Result "0-1"]
[WhiteElo "2155"]
[BlackElo "2238"]
[PlyCount "124"]
[EventDate "2013.08.06"]
[EventType "swiss"]
[EventRounds "9"]
[EventCountry "ESP"]
[Source "lmi"]
[SourceDate "2013.08.06"]

1. d4 g6 2. c4 Bg7 3. Nc3 d6 4. g3 Nf6 5. Bg2 O-O 6. Nf3 Nc6 7. O-O e5 8. e3
Nh5 9. h3 Re8 10. g4 Nf6 11. Qc2 h5 12. g5 Nh7 13. dxe5 Nxe5 14. Nxe5 dxe5 15.
h4 c6 16. b3 Bf5 17. e4 Bc8 18. Be3 Nf8 19. Rad1 Qe7 20. f3 Ne6 21. Qf2 b6 22.
Rd2 Bb7 23. Bh3 Nf4 24. Kh2 Bc8 25. Bxc8 Raxc8 26. c5 b5 27. Ne2 Ne6 28. Rfd1
Qb7 29. Rd7 Rc7 30. R7d2 Rcc8 31. Rd7 Rc7 32. R7d2 Ree7 33. b4 Red7 34. Rd6 Bf8
35. R6d2 Rxd2 36. Rxd2 Rd7 37. Qe1 a5 38. a3 axb4 39. axb4 Qa7 40. Qd1 Rxd2 41.
Qxd2 Qa1 42. Kg2 Qb1 43. Nc1 Bg7 44. Nd3 Qb3 45. Kf2 Qb1 46. Kg2 Qb3 47. Kf2 f6
48. f4 Qc4 49. gxf6 Bxf6 50. fxe5 Bxh4+ 51. Kf3 Nd4+ 52. Kg2 Nb3 53. Qe2 Qxe4+
54. Kh2 Bg5 55. Qa2 Bxe3 56. Qxb3+ Kg7 57. e6 Qh4+ 58. Kg2 Qg4+ 59. Kh2 Qg1+
60. Kh3 Qh1+ 61. Kg3 h4+ 62. Kg4 Qg2+ 0-1

[Event "Almansa 2013 - Torneo A"]
[Site "Almansa ESP"]
[Date "2013.08.07"]
[Round "3.6"]
[White "Villasenor Rubio, Emilio Jose"]
[Black "Sanchez Dengra, Jose Maria"]
[Result "1-0"]
[WhiteElo "2260"]
[BlackElo "2134"]
[PlyCount "93"]
[EventDate "2013.08.06"]
[EventType "swiss"]
[EventRounds "9"]
[EventCountry "ESP"]
[Source "lmi"]
[SourceDate "2013.08.06"]

1. e4 c5 2. Nf3 Nc6 3. d4 cxd4 4. Nxd4 e6 5. Nc3 d6 6. Nb3 Nf6 7. Bd3 Be7 8.
Qe2 O-O 9. f4 Qc7 10. O-O a6 11. Bd2 Re8 12. a4 b6 13. Rae1 Bb7 14. e5 Nd7 15.
exd6 Bxd6 16. Ne4 Bf8 17. Bc3 Ne7 18. Ng5 Ng6 19. Qh5 Bc5+ 20. Nxc5 Qxc5+ 21.
Rf2 Ndf8 22. Re5 Qc7 23. Re3 Qc5 24. Rh3 Rad8 25. Qg4 f5 26. Qg3 h6 27. Nf3
Bxf3 28. Qxf3 a5 29. Qe3 Qxe3 30. Rxe3 Ne7 31. Bb5 Rd1+ 32. Re1 Rxe1+ 33. Bxe1
Rd8 34. Rd2 Rd5 35. c4 Rxd2 36. Bxd2 Nfg6 37. Be3 Kf7 38. Bxb6 Nxf4 39. Bxa5 e5
40. Bb6 e4 41. a5 Nfg6 42. a6 Nc8 43. Bd4 Nge7 44. Bd7 g6 45. b4 f4 46. Bxc8
Nxc8 47. a7 1-0

[Event "Almansa 2013 - Torneo A"]
[Site "Almansa ESP"]
[Date "2013.08.08"]
[Round "4.1"]
[White "Cano Gimenez, Vicente"]
[Black "Naranjo Moreno, Antonio"]
[Result "1/2-1/2"]
[WhiteElo "2225"]
[BlackElo "2293"]
[PlyCount "92"]
[EventDate "2013.08.06"]
[EventType "swiss"]
[EventRounds "9"]
[EventCountry "ESP"]
[Source "lmi"]
[SourceDate "2013.08.06"]

1. Nf3 Nf6 2. c4 g6 3. Nc3 Bg7 4. g3 O-O 5. Bg2 d6 6. O-O Nc6 7. d3 e5 8. Rb1
a5 9. a3 Re8 10. Bg5 h6 11. Bxf6 Bxf6 12. b4 axb4 13. axb4 Bg7 14. b5 Ne7 15.
Nd2 c6 16. Qb3 Be6 17. bxc6 bxc6 18. Qb6 e4 19. Qb4 exd3 20. exd3 d5 21. cxd5
Nxd5 22. Nxd5 Bxd5 23. Ne4 Qa5 24. Qxa5 Rxa5 25. Nd6 Rf8 26. Nc4 Ra2 27. Bxd5
cxd5 28. Ne3 Rd8 29. Rb5 Ra3 30. Rd1 d4 31. Nc4 Rc3 32. Rb7 Ra8 33. Nd6 Rf8 34.
Rd7 Rb3 35. Kg2 Be5 36. Nc4 Bg7 37. Rd2 Rfb8 38. h4 R3b7 39. Rxb7 Rxb7 40. Rb2
Rxb2 41. Nxb2 Kf8 42. Nc4 Ke7 43. Kf3 Ke6 44. Ke4 f5+ 45. Kf3 Bf6 46. Ke2 Bd8
1/2-1/2

[Event "Almansa 2013 - Torneo A"]
[Site "Almansa ESP"]
[Date "2013.08.08"]
[Round "4.2"]
[White "Mingarro Carceller, Sergi"]
[Black "Sos Andreu, Eric"]
[Result "0-1"]
[WhiteElo "2195"]
[BlackElo "2229"]
[PlyCount "72"]
[EventDate "2013.08.06"]
[EventType "swiss"]
[EventRounds "9"]
[EventCountry "ESP"]
[Source "lmi"]
[SourceDate "2013.08.06"]

1. d4 Nf6 2. c4 g6 3. f3 d5 4. cxd5 Nxd5 5. e4 Nb6 6. Nc3 Bg7 7. Be3 O-O 8. Qd2
Nc6 9. O-O-O f5 10. e5 Nb4 11. Nh3 c6 12. Kb1 Be6 13. Nf4 Qd7 14. a3 N4d5 15.
Ncxd5 Nxd5 16. Nxe6 Qxe6 17. Bc4 Rfd8 18. h4 a5 19. h5 b5 20. Bb3 Rdb8 21. Rc1
a4 22. Bxd5 cxd5 23. Qb4 gxh5 24. Rc7 f4 25. Bxf4 Qf5+ 26. Ka2 Qxf4 27. Qxe7
Qf8 28. Qe6+ Kh8 29. Rxh5 b4 30. axb4 a3 31. b3 Rc8 32. Qg6 Qg8 33. Rf7 Rc3 34.
e6 Re3 35. Qc2 Rxe6 36. Rf4 Rae8 0-1

[Event "Almansa 2013 - Torneo A"]
[Site "Almansa ESP"]
[Date "2013.08.08"]
[Round "4.3"]
[White "Claros Egea, Christian"]
[Black "Villasenor Rubio, Emilio Jose"]
[Result "1-0"]
[WhiteElo "2229"]
[BlackElo "2260"]
[PlyCount "63"]
[EventDate "2013.08.06"]
[EventType "swiss"]
[EventRounds "9"]
[EventCountry "ESP"]
[Source "lmi"]
[SourceDate "2013.08.06"]

1. e4 e6 2. d4 d5 3. Nc3 Bb4 4. e5 c5 5. a3 Bxc3+ 6. bxc3 Ne7 7. Qg4 Qc7 8.
Qxg7 Rg8 9. Qxh7 cxd4 10. Ne2 Nbc6 11. f4 dxc3 12. Qd3 Bd7 13. Qxc3 O-O-O 14.
Rb1 d4 15. Qd3 Nf5 16. Rg1 Nce7 17. g4 Nh4 18. Rb4 Nc6 19. Rc4 b5 20. Rc5 a6
21. c3 dxc3 22. Qxc3 Be8 23. Rg3 Kb8 24. Qc2 Qb7 25. Rgc3 Rxg4 26. Rxc6 Bxc6
27. Rxc6 Nf3+ 28. Kf2 Nxh2 29. Qc5 Ka8 30. Bg2 Kb8 31. Bh1 Rd1 32. Qf8+ 1-0

[Event "Almansa 2013 - Torneo A"]
[Site "Almansa ESP"]
[Date "2013.08.08"]
[Round "4.4"]
[White "Jimenez Martinez, Jose Vicente"]
[Black "Sanchez Barbado, Carlos"]
[Result "1/2-1/2"]
[WhiteElo "2238"]
[BlackElo "2166"]
[PlyCount "88"]
[EventDate "2013.08.06"]
[EventType "swiss"]
[EventRounds "9"]
[EventCountry "ESP"]
[Source "lmi"]
[SourceDate "2013.08.06"]

1. d4 f5 2. c4 e6 3. Nf3 Nf6 4. Nc3 Bb4 5. Bd2 O-O 6. e3 b6 7. Be2 Bb7 8. O-O
d6 9. b3 c5 10. a3 Ba5 11. Qc2 Qe7 12. Rab1 Na6 13. Bc1 Bxc3 14. Qxc3 Ne4 15.
Qc2 Rf6 16. g3 Rh6 17. Ne1 Ng5 18. f3 Nh3+ 19. Kg2 g5 20. Qc3 Qf7 21. Bb2 cxd4
22. exd4 Qh5 23. Rh1 Rf8 24. c5 Nc7 25. d5 e5 26. cxd6 Nxd5 27. Qxe5 Nf6 28.
Bc4+ Kh8 29. Qe7 Qe8 30. Qxb7 Qe3 31. Bxf6+ Rhxf6 32. Rb2 Rxd6 33. Re2 Rd2 34.
Rxd2 Qxd2+ 35. Kxh3 g4+ 36. fxg4 Qh6+ 37. Kg2 Qd2+ 38. Kf3 Qd1+ 39. Kg2 Qd2+
40. Kf3 Qd1+ 41. Kg2 Qd2+ 42. Kh3 Qh6+ 43. Kg2 Qd2+ 44. Kf3 Qd1+ 1/2-1/2